000 00306nam a2200121Ia 4500
008 240731s9999 xx 000 0 und d
022 _a1756-8927
245 0 _aFuture Medicinal Chemistry
260 _bTaylor & Francis
856 _uhttps://www.tandfonline.com/loi/ifmc20
942 _2ddc
942 _cTFEJ
999 _c76676
_d76676
945 _a1
_bMadushi Gamage
_c1
_dMadushi Gamage